000 02501am aa2200421i 44500
003 PE-LiUPU
005 20251103113815.0
008 2302s2023 pe#a rb 001 0 spa d
020 _a9786124915635
035 _aPE-LiUPU000028
040 _aPE-LiUPU
_bspa
_cPE-LiUPU
_erda
082 0 4 _a720.47
_223
_bB615a
100 _aBiondi, Susel,
_eautora.
_97276
245 1 0 _aArquitectura sostenible :
_buna cuestión de evolución /
_cpor Susel Biondi.
250 _aPrimera edición.
264 1 _aLima :
_bPontificia Universidad Católica del Perú, Facultad de Arquitectura y Urbanismo ;
_bFondo Editorial PUCP,
_c2023.
300 _a125 páginas :
_bilustraciones ;
_c21 cm.
336 _atexto
_btxt
_2rdacontent
337 _asin mediación
_bn
_2rdamedia
338 _avolumen
_bnc
_2rdacarrier
490 1 _aColección Cuerpo Docente ;
_v64
500 _aPublicado como parte de la serie Cuerpo Docente de la Facultad de Arquitectura y Urbanismo de la Pontificia Universidad Católica del Perú (PUCP).
504 _aIncluye referencias bibliográficas (p. 119-125).
505 0 _aIntroducción -- Arquitectura sostenible: una cuestión de evolución -- Hacia una arquitectura de tercera generación -- Aproximación al proyecto sostenible -- Bibliografía.
520 _aEste libro analiza la arquitectura sostenible desde una mirada integral y evolutiva. Propone una reflexión sobre los paradigmas contemporáneos de sostenibilidad, los límites y necesidades ambientales, y las estrategias de diseño arquitectónico responsable. Ofrece criterios teóricos y prácticos para un proyecto sostenible desde las perspectivas del habitar y la arquitectura.
546 _aTexto en español.
650 1 4 _aArquitectura sostenible
_xAspectos ambientales.
_97277
650 2 4 _aArquitectura ecológica
_xDiseño y planificación.
_97278
650 2 4 _aArquitectura
_xAspectos sociales
_zPerú.
_97279
650 2 0 _aArquitectura moderna
_xSostenibilidad.
_97280
710 _aPontificia Universidad Católica del Perú.
_bFacultad de Arquitectura y Urbanismo.
_9534
710 _aFondo Editorial de la Pontificia Universidad Católica del Perú,
_eeditor.
_97281
830 0 _aColección Cuerpo Docente (PUCP) ;
_v64
856 4 0 _uhttps://arquitectura.pucp.edu.pe/publicaciones
_zSitio web de Arquitectura PUCP.
942 _2ddc
_cBK
980 _818226
_gJaime Vilcazán Jefe de Análisis Documental
999 _c62806
_d62805